Changes in the biochemistry of leaves of tapped and untapped trees of Hevea brasiliensis during refoliation, maturation and wintering (Record no. 55330)

MARC details
000 -LEADER
fixed length control field 00643nam a2200217Ia 4500
100 ## - MAIN ENTRY--AUTHOR NAME
Personal name Geetha N
245 #0 - TITLE STATEMENT
Title Changes in the biochemistry of leaves of tapped and untapped trees of Hevea brasiliensis during refoliation, maturation and wintering
260 ## - PUBLICATION, DISTRIBUTION, ETC. (IMPRINT)
Name of publisher Indian Journal of Natural Rubber Research
Year of publication 2003
300 ## - PHYSICAL DESCRIPTION
Number of Pages 85-92
650 ## - SUBJECT ADDED ENTRY--TOPICAL TERM
Topical Term Ageing
650 ## - SUBJECT ADDED ENTRY--TOPICAL TERM
Topical Term Hevea brasiliensis
650 ## - SUBJECT ADDED ENTRY--TOPICAL TERM
Topical Term Malondialdehyde
650 ## - SUBJECT ADDED ENTRY--TOPICAL TERM
Topical Term Membrane damage
650 ## - SUBJECT ADDED ENTRY--TOPICAL TERM
Topical Term Oxidative stress
650 ## - SUBJECT ADDED ENTRY--TOPICAL TERM
Topical Term Senescene
650 ## - SUBJECT ADDED ENTRY--TOPICAL TERM
Topical Term Tapping
650 ## - SUBJECT ADDED ENTRY--TOPICAL TERM
Topical Term Wintering
700 ## - ADDED ENTRY--PERSONAL NAME
Personal name Jacob J
942 ## - ADDED ENTRY ELEMENTS (KOHA)
Koha item type Journals
Holdings
Withdrawn status Lost status Damaged status Not for loan Home library Current library Shelving location Date acquired Serial Enumeration / chronology Koha item type
      Journals RRII Library RRII Library Physiology 17/12/2021 Volume 16, Issue 1&2 Journals